La realidad alemana : la república federal de alemania /
Guardado en:
| Formato: | Libro |
|---|---|
| Publicado: |
Bonn :
Depto de prensa e información del gobierno,
1972
|
| Materias: | |
| Etiquetas: |
Agregar Etiqueta
Sin Etiquetas, Sea el primero en etiquetar este registro!
|
| LEADER | 00478nam a22001575a 4500 | ||
|---|---|---|---|
| 001 | CEM.cems000198 | ||
| 005 | 20060209000000.0 | ||
| 008 | 130507s1972##################000#0#####d | ||
| 003 | CEMS | ||
| 082 | 0 | 4 | |a 943 |
| 245 | 0 | 0 | |a La realidad alemana : |b la república federal de alemania / |
| 260 | |a Bonn : |b Depto de prensa e información del gobierno, |c 1972 | ||
| 300 | |a 475 p. | ||
| 653 | |a Alemania | ||
| 653 | |a Historia de europa | ||
| 859 | |a CEMS |b BIB. CEMS - 11 de abril |h 943 |i R229 |p 10380.81 |t Ej.1 | ||
